Normal view
MARC view
Entry Personal Name
001 - CONTROL NUMBER
- control field: 1054
003 - CONTROL NUMBER IDENTIFIER
- control field: PK-NaQUE
005 - DATE AND TIME OF LATEST TRANSACTION
- control field: 20260629145753.0
008 - FIXED-LENGTH DATA ELEMENTS
- fixed length control field: 260629|| aca||aabn | a|a d
040 ## - CATALOGING SOURCE
- Original cataloging agency: PK-NaQUE
- Transcribing agency: PK-NaQUE
100 ## - HEADING--PERSONAL NAME
- Personal name: Muhammad Waseem
- Personal name: 21-MSCS-10
- Personal name: Supervisor - Prof.Dr. Muhammad Saleem Vighio
670 ## - SOURCE DATA FOUND
- Source citation: Work cat.: (PK-NaQUE)69107: Muhammad Waseem 21-MSCS-10 Supervisor - Prof.Dr. Muhammad Saleem Vighio, Analysis the Impact of Physical Activity on Reducing Obesity Through Gamified Mobile App (Thesis MS), 2025